<?xml version="1.0" encoding="UTF-8"?>
<record
    xmlns:xsi="http://www.w3.org/2001/XMLSchema-instance"
    xsi:schemaLocation="http://www.loc.gov/MARC21/slim http://www.loc.gov/standards/marcxml/schema/MARC21slim.xsd"
    xmlns="http://www.loc.gov/MARC21/slim">

  <leader>00864nam a2200181 i 4500</leader>
  <controlfield tag="001">70146</controlfield>
  <controlfield tag="003">ES-MaACL</controlfield>
  <controlfield tag="005">20230906170731.0</controlfield>
  <controlfield tag="007">t|</controlfield>
  <controlfield tag="008">040719s1908    sp       d   ||||1| spa d</controlfield>
  <datafield tag="100" ind1="1" ind2=" ">
    <subfield code="a">Garc&#xED;a Parre&#xF1;o, Guillermo.</subfield>
    <subfield code="9">55080</subfield>
  </datafield>
  <datafield tag="245" ind1="1" ind2="0">
    <subfield code="a">Diccionario de derecho mar&#xED;timo : </subfield>
    <subfield code="b">contiene todas las leyes, ordenanzas, c&#xF3;digos, instrucciones, reglamentos, Reales decretos, Reales &#xF3;rdenes..., sentencias y dem&#xE1;s disposiciones que constituyen el derecho mar&#xED;timo vigente / </subfield>
    <subfield code="c">por Guillermo Garcia-Parre&#xF1;o y L&#xF3;pez ; con un pr&#xF3;logo del Excmo. Sr. D. Tirso Rodriga&#xF1;ez y Sagasta.</subfield>
  </datafield>
  <datafield tag="260" ind1=" " ind2=" ">
    <subfield code="a">Cartagena : </subfield>
    <subfield code="b">[s.n.], </subfield>
    <subfield code="c">1908 (</subfield>
    <subfield code="f">Sociedad Levantina de Artes Gr&#xE1;ficas)</subfield>
  </datafield>
  <datafield tag="300" ind1=" " ind2=" ">
    <subfield code="a">2 v. ; </subfield>
    <subfield code="c">25 cm.</subfield>
  </datafield>
  <datafield tag="650" ind1=" " ind2="4">
    <subfield code="a">Derecho mar&#xED;timo-</subfield>
    <subfield code="v">Diccionarios.</subfield>
    <subfield code="9">155913</subfield>
  </datafield>
  <datafield tag="700" ind1="1" ind2=" ">
    <subfield code="a">Rodrig&#xE1;&#xF1;ez y Sagasta, Tirso.</subfield>
    <subfield code="9">98169</subfield>
  </datafield>
  <datafield tag="852" ind1="4" ind2=" ">
    <subfield code="a">ES-MaACL</subfield>
    <subfield code="j">B-13039-40</subfield>
  </datafield>
  <datafield tag="999" ind1=" " ind2=" ">
    <subfield code="c">70146</subfield>
    <subfield code="d">70146</subfield>
  </datafield>
  <datafield tag="952" ind1=" " ind2=" ">
    <subfield code="0">0</subfield>
    <subfield code="1">0</subfield>
    <subfield code="4">0</subfield>
    <subfield code="7">0</subfield>
    <subfield code="8">Colecci&#xF3;n_de_referencia </subfield>
    <subfield code="a">ATENEOM</subfield>
    <subfield code="b">ATENEOM</subfield>
    <subfield code="c">SPB</subfield>
    <subfield code="d">2008-01-17</subfield>
    <subfield code="e">SC</subfield>
    <subfield code="l">0</subfield>
    <subfield code="o">B-13039-40</subfield>
    <subfield code="p">1073453</subfield>
    <subfield code="r">2023-02-23 00:00:00</subfield>
    <subfield code="w">2023-02-23</subfield>
    <subfield code="y">MONOGRAFIA</subfield>
  </datafield>
</record>
